The house in the twentieth-century / (Record no. 352435)

000 -LEADER
fixed length control field 00806 a2200253 4500
003 - CONTROL NUMBER IDENTIFIER
control field OSt
005 - DATE AND TIME OF LATEST TRANSACTION
control field 20180116192335.0
008 - FIXED-LENGTH DATA ELEMENTS--GENERAL INFORMATION
fixed length control field 120301t xxu||||| |||| 00| 0 eng d
010 ## - LIBRARY OF CONGRESS CONTROL NUMBER
LC control number 2002416798
020 ## - INTERNATIONAL STANDARD BOOK NUMBER
International Standard Book Number 1856692191
035 ## - SYSTEM CONTROL NUMBER
System control number (UkLWHE)b000160033
040 ## - CATALOGING SOURCE
Transcribing agency 0
082 00 - DEWEY DECIMAL CLASSIFICATION NUMBER
Classification number 728.0904
100 1# - MAIN ENTRY--PERSONAL NAME
Personal name Weston, Richard,
9 (RLIN) 461
245 14 - TITLE STATEMENT
Title The house in the twentieth-century /
Statement of responsibility, etc. Richard Weston.
260 ## - PUBLICATION, DISTRIBUTION, ETC.
Place of publication, distribution, etc. London :
Name of publisher, distributor, etc. Laurence King,
Date of publication, distribution, etc. 2002.
300 ## - PHYSICAL DESCRIPTION
Extent 272 p. :
Other physical details ill. (chiefly col.) ;
Dimensions 29 cm.
500 ## - GENERAL NOTE
General note Includes index
650 #0 - SUBJECT ADDED ENTRY--TOPICAL TERM
Topical term or geographic name entry element Architecture, Domestic.
9 (RLIN) 462
650 #0 - SUBJECT ADDED ENTRY--TOPICAL TERM
Topical term or geographic name entry element Architecture, Modern
Chronological subdivision 20th century.
9 (RLIN) 463
650 #0 - SUBJECT ADDED ENTRY--TOPICAL TERM
Topical term or geographic name entry element Dwellings
General subdivision History
Chronological subdivision 20th century.
9 (RLIN) 464
942 ## - ADDED ENTRY ELEMENTS (KOHA)
Institution code [OBSOLETE] SADA
Koha item type Book
Call number prefix 728.0904 WES 2002
Source of classification or shelving scheme
Holdings
Withdrawn status Lost status Source of classification or shelving scheme Damaged status Not for loan Permanent Location Current Location Date acquired Total Checkouts Total Renewals Full call number Barcode Date last seen Date last checked out Cost, replacement price Price effective from Koha item type
          School of Art Design and Architecture (SADA) School of Art Design and Architecture (SADA) 09/29/2010 6 2 728.0904 WES 2002 SADA0000228 11/01/2013 10/11/2013 3456.00 08/05/2011 Book
© 2023 Central Library, National University of Sciences and Technology. All Rights Reserved.